[Event "25. Copenhagen Open  (Politiken Cup)"]
[Site "Copenhagen"]
[Date "2003.07.22"]
[Round "8"]
[White "Hector, Jonny"]
[Black "Rasmussen, Karsten"]
[Result "1/2-1/2"]
[WhiteElo "2538"]
[BlackElo "2437"]
[PlyCount "131"]
[EventDate "2003.07.14"]
[EventType "swiss"]
[EventRounds "11"]
[EventCountry "DEN"]
[SourceDate "2004.01.01"]

1. e4 c6 2. d4 d5 3. Nd2 dxe4 4. Nxe4 Bf5 5. Ng3 Bg6 6. h4 h6 7. Nf3 Nd7 8. h5
Bh7 9. Bd3 Bxd3 10. Qxd3 e6 11. Bf4 Ngf6 12. O-O-O Be7 13. Kb1 O-O 14. Ne4 Qa5
15. Nxf6+ Nxf6 16. g4 Nxg4 17. Rdg1 Qf5 18. Qd2 g5 19. hxg6 fxg6 20. Qe2 h5 21.
Ne5 Nxe5 22. Bxe5 Kh7 23. Rg3 Bf6 24. Rhg1 Bxe5 25. Rg5 Qf3 26. Qxe5 Rf6 27.
Qc7+ Kh6 28. Qxb7 Rg8 29. Qxa7 Qxf2 30. b3 Rf5 31. R5g2 Qe3 32. a4 Rf2 33. Rg3
Rf3 34. R3g2 Rf2 35. Qe7 Rxg2 36. Rxg2 Qe4 37. Qg5+ Kh7 38. a5 Qd5 39. Qd2 Rd8
40. Re2 Qxd4 41. Qxd4 Rxd4 42. Rxe6 h4 43. a6 g5 44. Rxc6 Rd8 45. Rc3 Kg6 46.
b4 g4 47. Rc4 Kg5 48. Rc5+ Kf4 49. Rh5 h3 50. b5 Rg8 51. a7 g3 52. Rh4+ Kf5 53.
a8=Q Rxa8 54. Rxh3 Kg4 55. Rh1 g2 56. Rg1 Kf3 57. Kb2 Kf2 58. Rd1 g1=Q 59. Rxg1
Kxg1 60. Kc3 Kf2 61. Kd4 Rd8+ 62. Kc5 Rc8+ 63. Kd6 Ke3 64. b6 Rxc2 65. b7 Rb2
66. Kc7 1/2-1/2

[Event "25. Copenhagen Open  (Politiken Cup)"]
[Site "Copenhagen"]
[Date "2003.07.22"]
[Round "8"]
[White "Hein, Jacob"]
[Black "Larsen, Alex"]
[Result "1/2-1/2"]
[WhiteElo "1220"]
[BlackElo "1305"]
[PlyCount "86"]
[EventDate "2003.07.14"]
[EventType "swiss"]
[EventRounds "11"]
[EventCountry "DEN"]
[SourceDate "2004.01.01"]

1. d4 Nf6 2. c4 d5 3. cxd5 Nxd5 4. e4 Nb6 5. Nc3 e6 6. Bf4 Be7 7. Nf3 Nc6 8.
Be2 O-O 9. O-O f5 10. e5 a6 11. Qd2 Nb4 12. Rad1 N6d5 13. Nxd5 Nxd5 14. Bg5 Bd7
15. Bxe7 Qxe7 16. Bc4 f4 17. Ne1 Bb5 18. b3 Bc6 19. Nc2 Rf5 20. Qe2 Nc3 21. Qg4
Rg5 22. Qxe6+ Qxe6 23. Bxe6+ Kf8 24. d5 Rxe5 25. Rd3 Nxd5 26. Bxd5 Rxd5 27.
Rxd5 Bxd5 28. Rd1 c6 29. Nd4 g6 30. f3 Re8 31. Kf2 Kf7 32. h4 h5 33. Ne2 Rd8
34. Nxf4 Kf6 35. Ne2 b5 36. Nd4 Bg8 37. Ke1 c5 38. Nc2 Rxd1+ 39. Kxd1 Kf5 40.
g3 Ke5 41. Kd2 Be6 42. Ne1 Kd6 43. Ke3 Bf5 1/2-1/2

[Event "25. Copenhagen Open  (Politiken Cup)"]
[Site "Copenhagen"]
[Date "2003.07.22"]
[Round "8"]
[White "Helin, Mikael"]
[Black "Abrahamsson, Daniel"]
[Result "1-0"]
[WhiteElo "1971"]
[BlackElo "1671"]
[PlyCount "81"]
[EventDate "2003.07.14"]
[EventType "swiss"]
[EventRounds "11"]
[EventCountry "DEN"]
[SourceDate "2004.01.01"]

1. e4 c5 2. b4 cxb4 3. a3 e5 4. axb4 Bxb4 5. c3 Ba5 6. Bc4 Nf6 7. Qb3 O-O 8. d3
d6 9. Nf3 h6 10. h4 Bb6 11. Ng5 hxg5 12. hxg5 g6 13. gxf6 Qxf6 14. f3 Kg7 15.
Bh6+ Kg8 16. Bxf8 Kxf8 17. Qxb6 axb6 18. Rxa8 Qg5 19. Kf2 Kg7 20. Rxb8 Qd8 21.
Na3 Qc7 22. Ra8 Bd7 23. Kg3 b5 24. Nxb5 Qb6 25. Ra2 f5 26. exf5 gxf5 27. Rh5
Qg1 28. f4 exf4+ 29. Kxf4 Qc1+ 30. Kg3 Qe1+ 31. Kh2 f4 32. d4 Kg6 33. Rd5 Qh4+
34. Kg1 Qe1+ 35. Bf1 Kg7 36. Re2 Qh4 37. Nxd6 Qg4 38. Ree5 Kf8 39. Ne4 Bc6 40.
Rd8+ Kf7 41. Bc4+ 1-0

[Event "25. Copenhagen Open  (Politiken Cup)"]
[Site "Copenhagen"]
[Date "2003.07.22"]
[Round "8"]
[White "Henrichsen, Jens"]
[Black "Dalso, Harry"]
[Result "1/2-1/2"]
[WhiteElo "2076"]
[BlackElo "1802"]
[PlyCount "93"]
[EventDate "2003.07.14"]
[EventType "swiss"]
[EventRounds "11"]
[EventCountry "DEN"]
[SourceDate "2004.01.01"]

1. d4 Nf6 2. Nf3 e6 3. c4 c5 4. d5 exd5 5. cxd5 d6 6. Nc3 a6 7. a4 g6 8. e4
Nbd7 9. h3 Bg7 10. Bf4 Qe7 11. Bd3 O-O 12. O-O Re8 13. Re1 Nh5 14. Bg5 Bf6 15.
Be3 Ne5 16. Be2 Ng7 17. Nd2 g5 18. Nf1 Ng6 19. Ng3 Be5 20. Nh5 h6 21. Nxg7 Kxg7
22. Bg4 Qf6 23. Qc2 Bxg4 24. hxg4 Rh8 25. Qd2 Nf4 26. Ne2 Nxe2+ 27. Rxe2 Qg6
28. f4 gxf4 29. Bxf4 f6 30. Ra3 Rae8 31. Rb3 Re7 32. Bxe5 fxe5 33. Rb6 Rf8 34.
g3 Rd7 35. g5 hxg5 36. b4 Qf6 37. Rf2 Qxf2+ 38. Qxf2 Rxf2 39. Kxf2 c4 40. Ke3
Kg6 41. g4 Kf7 42. Kd2 Ke7 43. Kc3 Kd8 44. a5 Kc7 45. b5 axb5 46. Rxb5 Rf7 47.
Rb4 1/2-1/2

[Event "25. Copenhagen Open  (Politiken Cup)"]
[Site "Copenhagen"]
[Date "2003.07.22"]
[Round "8"]
[White "Hesselberg, Leif"]
[Black "Werner, Gert"]
[Result "0-1"]
[WhiteElo "1913"]
[BlackElo "2140"]
[PlyCount "74"]
[EventDate "2003.07.14"]
[EventType "swiss"]
[EventRounds "11"]
[EventCountry "DEN"]
[SourceDate "2004.01.01"]

1. d4 Nf6 2. c4 e6 3. Nf3 c5 4. g3 b6 5. Bg2 Bb7 6. d5 exd5 7. Nh4 g6 8. Nc3 d6
9. O-O Nbd7 10. cxd5 Bg7 11. e4 O-O 12. f4 c4 13. Qe2 Nc5 14. Be3 Rc8 15. Bh3
Rc7 16. Nb5 Re7 17. e5 Nxd5 18. Nxd6 Nxe3 19. Nxb7 Qd3 20. Qxd3 Nxd3 21. Rf3
Nc2 22. Nd6 Nxa1 23. Nxc4 Nxe5 24. fxe5 Bxe5 25. Nxe5 Rxe5 26. Rf2 Rfe8 27. Bf1
Rc5 28. b3 Rc2 29. Rf3 Re1 30. Ng2 Rb1 31. h4 Rxa2 32. Kh2 Rxb3 33. Rf4 Rbb2
34. h5 Rf2 35. Re4 Rxf1 36. h6 Kf8 37. Kh3 Rh1+ 0-1

[Event "25. Copenhagen Open  (Politiken Cup)"]
[Site "Copenhagen"]
[Date "2003.07.22"]
[Round "8"]
[White "Hogh, Sidsel T"]
[Black "Nielsen, Palle"]
[Result "0-1"]
[WhiteElo "1438"]
[BlackElo "1650"]
[PlyCount "104"]
[EventDate "2003.07.14"]
[EventType "swiss"]
[EventRounds "11"]
[EventCountry "DEN"]
[SourceDate "2004.01.01"]

1. d4 e6 2. c4 g6 3. Nc3 Bg7 4. e4 d6 5. Nf3 c6 6. Bg5 Ne7 7. Be2 O-O 8. O-O f6
9. Bh4 Nd7 10. Qc2 g5 11. Bg3 e5 12. dxe5 dxe5 13. Rad1 Ng6 14. Rd2 Qe7 15.
Rfd1 Nc5 16. b4 Ne6 17. c5 g4 18. Nh4 Nxh4 19. Bxh4 Nd4 20. Bc4+ Be6 21. Bxe6+
Qxe6 22. Qb2 f5 23. Qb1 Qh6 24. Be7 Rf7 25. Bd6 Nf3+ 26. gxf3 gxf3 27. Rd3 Qg5+
28. Kf1 Qg2+ 29. Ke1 Qg1+ 30. Kd2 Qxf2+ 31. Kc1 Bh6+ 32. R3d2 Bxd2+ 33. Rxd2
Qe1+ 34. Nd1 fxe4 35. Qb3 Re8 36. Kc2 Qh4 37. Qe3 Qf4 38. Qf2 Rg7 39. Ne3 Qf7
40. Kb2 Rg6 41. Rd1 Qe6 42. Rd2 b5 43. Qh4 Qf6 44. Qf2 Kf7 45. Rd1 Reg8 46. Rd2
h5 47. Kc2 h4 48. h3 Rg2 49. Nxg2 Rxg2 50. Qf1 e3 51. Rxg2 fxg2 52. Qd1 Qf2+
0-1

[Event "25. Copenhagen Open  (Politiken Cup)"]
[Site "Copenhagen"]
[Date "2003.07.22"]
[Round "8"]
[White "Jacobsen, Claus"]
[Black "Brondum, Jan Kraul"]
[Result "0-1"]
[WhiteElo "1075"]
[BlackElo "1569"]
[PlyCount "96"]
[EventDate "2003.07.14"]
[EventType "swiss"]
[EventRounds "11"]
[EventCountry "DEN"]
[SourceDate "2004.01.01"]

1. e4 e5 2. Nf3 Nc6 3. Bc4 Nf6 4. d3 h6 5. O-O Bc5 6. c3 d6 7. h3 O-O 8. b4 Bb6
9. Re1 Kh7 10. Be3 Ne8 11. Nbd2 f5 12. Qc2 Ne7 13. Bxb6 axb6 14. d4 fxe4 15.
Nxe4 Bf5 16. Bd3 d5 17. Ng3 e4 18. Nxe4 dxe4 19. Bxe4 Kh8 20. Nh4 Nd6 21. Bxf5
Ndxf5 22. Re4 Nxh4 23. Rxh4 Nf5 24. Rg4 Qd7 25. Qe4 Nd6 26. Qd3 Qf7 27. Qc2 Ra3
28. Rg3 Rfa8 29. Rf3 Qe6 30. Kf1 Kg8 31. Re3 Qc4+ 32. Kg1 Rxa2 33. Rxa2 Rxa2
34. Qd3 Qxd3 35. Rxd3 Ra3 36. Re3 Nb5 37. c4 Ra1+ 38. Kh2 Nxd4 39. Re7 b5 40.
Rxc7 Rc1 41. c5 Rc4 42. Rxb7 Rxb4 43. Rc7 Rc4 44. h4 b4 45. g3 b3 46. Kh3 Rb4
47. c6 Nxc6 48. Rxc6 b2 0-1

[Event "25. Copenhagen Open  (Politiken Cup)"]
[Site "Copenhagen"]
[Date "2003.07.22"]
[Round "8"]
[White "Jakobsen, Hans Endrup"]
[Black "Andersen, Kaare Vissing"]
[Result "1/2-1/2"]
[WhiteElo "1918"]
[BlackElo "2245"]
[PlyCount "70"]
[EventDate "2003.07.14"]
[EventType "swiss"]
[EventRounds "11"]
[EventCountry "DEN"]
[SourceDate "2004.01.01"]

1. e4 g6 2. d4 Bg7 3. c4 d6 4. Nc3 Nf6 5. f3 O-O 6. Be3 Nc6 7. Bd3 e5 8. d5 Nd4
9. Nge2 Nh5 10. Qd2 c5 11. Ng3 Nf4 12. Bxf4 exf4 13. Qxf4 a6 14. O-O Rb8 15.
Qd2 b5 16. f4 bxc4 17. Bxc4 Rb4 18. b3 Nb5 19. Nge2 Na3 20. Qd3 Nxc4 21. bxc4
a5 22. Rab1 Ba6 23. Nb5 Bxb5 24. Rxb4 axb4 25. cxb5 Qb6 26. Qc4 Rb8 27. Rc1
Qxb5 28. Qxb5 Rxb5 29. Kf2 Kf8 30. Rc2 Ke7 31. Nc1 Bd4+ 32. Ke2 f5 33. exf5
gxf5 34. Nb3 Bf6 35. Nd2 Rb7 1/2-1/2

[Event "25. Copenhagen Open  (Politiken Cup)"]
[Site "Copenhagen"]
[Date "2003.07.22"]
[Round "8"]
[White "Jensen, Alexander Lindberg"]
[Black "Sandbech, Ted"]
[Result "0-1"]
[WhiteElo "1539"]
[BlackElo "1660"]
[PlyCount "88"]
[EventDate "2003.07.14"]
[EventType "swiss"]
[EventRounds "11"]
[EventCountry "DEN"]
[SourceDate "2004.01.01"]

1. d4 d5 2. Nf3 c5 3. c3 cxd4 4. cxd4 Nc6 5. e3 Nf6 6. Nc3 e6 7. Bd2 Bd6 8. Bb5
Bd7 9. Rc1 O-O 10. O-O Rc8 11. a3 a6 12. Bxc6 Bxc6 13. b4 Bb8 14. Na4 Nd7 15.
Nc5 Nxc5 16. bxc5 f5 17. Ne5 Rf6 18. f4 Rh6 19. Rf3 Bxe5 20. fxe5 Be8 21. Qb3
Rb8 22. Qb6 Bc6 23. Qxd8+ Rxd8 24. Rf2 g5 25. g3 Rg6 26. Rg2 Kf7 27. Rf1 Ke7
28. Rff2 Bb5 29. Ba5 Rdg8 30. g4 Bd3 31. Rb2 Bb5 32. Rbf2 fxg4 33. Rxg4 h5 34.
Rg3 g4 35. Bb4 Ke8 36. Rgg2 Bd3 37. Rb2 Be4 38. Rgd2 h4 39. Ba5 R8g7 40. Ra2 h3
41. Rf2 g3 42. Rfd2 gxh2+ 43. Kxh2 Rg2+ 44. Rxg2 hxg2 0-1

[Event "25. Copenhagen Open  (Politiken Cup)"]
[Site "Copenhagen"]
[Date "2003.07.22"]
[Round "8"]
[White "Jensen, Jonbert"]
[Black "Grove, Peter"]
[Result "0-1"]
[WhiteElo "1376"]
[BlackElo "1577"]
[PlyCount "82"]
[EventDate "2003.07.14"]
[EventType "swiss"]
[EventRounds "11"]
[EventCountry "DEN"]
[SourceDate "2004.01.01"]

1. Nf3 Nf6 2. g3 c5 3. c4 Nc6 4. Bg2 e6 5. O-O Be7 6. b3 d5 7. Bb2 O-O 8. d4
dxc4 9. bxc4 Qb6 10. Qb3 Nd7 11. d5 Na5 12. Qc2 Nxc4 13. Qxc4 Qxb2 14. Nbd2 Nb6
15. Qe4 Nxd5 16. Nc4 Nc3 17. Nxb2 Nxe4 18. Nc4 b5 19. Nfd2 Nxd2 20. Nxd2 Rb8
21. Nb3 Bb7 22. Rac1 Bxg2 23. Kxg2 c4 24. Nd4 Bf6 25. Nc6 Rb6 26. Nb4 a5 27.
Nc2 b4 28. Rb1 Rd8 29. Ne3 Rc6 30. Kf3 Bg5 31. h4 Bxe3 32. Kxe3 Kf8 33. Rb2 c3
34. Rc2 Rcd6 35. Kf3 Rd2 36. Rxd2 Rxd2 37. Ra1 a4 38. Ke3 Ke7 39. a3 b3 40. Rc1
Rc2 41. Rxc2 bxc2 0-1

[Event "25. Copenhagen Open  (Politiken Cup)"]
[Site "Copenhagen"]
[Date "2003.07.22"]
[Round "8"]
[White "Jensen, Sren"]
[Black "Stam, Bart"]
[Result "1/2-1/2"]
[WhiteElo "1565"]
[BlackElo "2058"]
[PlyCount "140"]
[EventDate "2003.07.14"]
[EventType "swiss"]
[EventRounds "11"]
[EventCountry "DEN"]
[SourceDate "2004.01.01"]

1. e4 c5 2. Nc3 Nc6 3. Bc4 e6 4. Nf3 Be7 5. d4 cxd4 6. Nxd4 Nf6 7. Ndb5 d6 8.
Nd4 O-O 9. O-O a6 10. Nxc6 bxc6 11. Bd3 Qa5 12. f4 Rb8 13. Qe1 Qc7 14. Qg3 e5
15. Be2 Kh8 16. f5 d5 17. exd5 cxd5 18. Bd1 d4 19. Ne2 Bb7 20. Kh1 Bd6 21. b3
Qc6 22. Ng1 Ne4 23. Qg4 Qc3 24. Rb1 Qe1 25. Qe2 Qh4 26. Rf3 Nc3 27. Rxc3 dxc3
28. Qd3 Qf2 29. Bf3 Bc5 30. Bg5 f6 31. Rf1 Qd4 32. Qxd4 Bxd4 33. Bh4 e4 34. Be2
Be5 35. Bf2 Rfd8 36. Be3 Bd4 37. Bf4 Rbc8 38. Bc4 Bd5 39. Be2 a5 40. a4 Bc6 41.
Ba6 Ra8 42. Bc4 Bxg1 43. Kxg1 Rd4 44. Re1 Rad8 45. Be2 R4d5 46. g4 g6 47. fxg6
hxg6 48. Kf2 Kg7 49. h4 g5 50. hxg5 fxg5 51. Be3 Rh8 52. Kg3 Kg6 53. Rf1 Bd7
54. Bc4 Rd6 55. Be2 Be6 56. Rb1 Rh4 57. b4 axb4 58. Rxb4 Bd7 59. Rxe4 Rh1 60.
Bd3 Rxd3 61. cxd3 Rd1 62. Rd4 Be6 63. Rd6 Kf7 64. Bxg5 c2 65. Rc6 Rxd3+ 66. Kf2
Bb3 67. a5 Rd5 68. Be3 Rxa5 69. g5 Ra2 70. Kg3 Ra4 1/2-1/2

[Event "25. Copenhagen Open  (Politiken Cup)"]
[Site "Copenhagen"]
[Date "2003.07.22"]
[Round "8"]
[White "Jensen, Sren G"]
[Black "Kaaber Hansen, Jacob"]
[Result "0-1"]
[WhiteElo "2123"]
[BlackElo "2032"]
[PlyCount "82"]
[EventDate "2003.07.14"]
[EventType "swiss"]
[EventRounds "11"]
[EventCountry "DEN"]
[SourceDate "2004.01.01"]

1. d4 d5 2. c4 c6 3. Nf3 Nf6 4. Nc3 dxc4 5. a4 Na6 6. e4 Bg4 7. Bxc4 e6 8. Be3
Nb4 9. a5 Be7 10. Qb3 b5 11. axb6 axb6 12. O-O Bxf3 13. gxf3 O-O 14. Na2 Nxa2
15. Rxa2 Qc7 16. Rfa1 Rxa2 17. Qxa2 Rc8 18. Qa7 Bd8 19. Qxc7 Bxc7 20. Ra7 b5
21. Bb3 Kf8 22. Ra6 Bb8 23. Bg5 Nd7 24. Be3 Ke7 25. h3 c5 26. d5 c4 27. dxe6
fxe6 28. Bc2 b4 29. b3 Nc5 30. Bxc5+ Rxc5 31. bxc4 Rxc4 32. Rxe6+ Kxe6 33. Bb3
Ke5 34. Bxc4 Kd4 35. Bg8 h6 36. h4 Kc3 37. Kg2 h5 38. e5 b3 39. e6 Bd6 40. f4
b2 41. Bh7 Be7 0-1

[Event "25. Copenhagen Open  (Politiken Cup)"]
[Site "Copenhagen"]
[Date "2003.07.22"]
[Round "8"]
[White "Jessen, Simon Pind"]
[Black "Christensen, Henrik"]
[Result "0-1"]
[WhiteElo "2085"]
[BlackElo "1802"]
[PlyCount "48"]
[EventDate "2003.07.14"]
[EventType "swiss"]
[EventRounds "11"]
[EventCountry "DEN"]
[SourceDate "2004.01.01"]

1. d4 Nf6 2. c4 g6 3. Nc3 Bg7 4. Nf3 O-O 5. Bg5 d6 6. Qc2 c5 7. dxc5 dxc5 8.
Rd1 Qa5 9. Nd2 Nc6 10. Nb3 Qb6 11. Nd5 Nb4 12. Nxe7+ Kh8 13. Qb1 Be6 14. Be3
Bxc4 15. Bxc5 Qb5 16. Rd4 Rfd8 17. a4 Bxb3 18. axb5 Nc2+ 19. Kd2 Ne4+ 20. Kc1
Bxd4 21. Bxd4+ Rxd4 22. Qxc2 Bxc2 23. Kxc2 Nxf2 24. Rg1 Rd7 0-1

[Event "25. Copenhagen Open  (Politiken Cup)"]
[Site "Copenhagen"]
[Date "2003.07.22"]
[Round "8"]
[White "Jiretorn, Eva"]
[Black "Harstad, Christian"]
[Result "0-1"]
[WhiteElo "2146"]
[BlackElo "1714"]
[PlyCount "72"]
[EventDate "2003.07.14"]
[EventType "swiss"]
[EventRounds "11"]
[EventCountry "DEN"]
[SourceDate "2004.01.01"]

1. d4 d5 2. c4 c6 3. Nf3 Nf6 4. e3 e6 5. Qc2 Nbd7 6. Bd3 Bd6 7. O-O O-O 8. Nc3
Re8 9. e4 e5 10. cxd5 exd4 11. dxc6 dxc3 12. cxd7 Bxd7 13. bxc3 Qa5 14. h3 Qh5
15. Re1 Bxh3 16. Ng5 Bg4 17. f4 h6 18. Nxf7 Qxf7 19. e5 Bc5+ 20. Be3 Bxe3+ 21.
Rxe3 Nd5 22. Bg6 Qxf4 23. Rd3 Red8 24. Qb3 Qxe5 25. Qxb7 Qc7 26. Qb3 Qb6+ 27.
Kh1 Qxg6 28. Rxd5 Be6 29. Rxd8+ Rxd8 30. Qb2 Qh5+ 31. Kg1 Qc5+ 32. Kh1 Rd5 33.
Kh2 Rh5+ 34. Kg3 Rg5+ 35. Kh2 Qe5+ 36. Kg1 Bd5 0-1

[Event "25. Copenhagen Open  (Politiken Cup)"]
[Site "Copenhagen"]
[Date "2003.07.22"]
[Round "8"]
[White "Johannessen, Leif Erlend"]
[Black "Jussupow, Artur"]
[Result "1/2-1/2"]
[WhiteElo "2525"]
[BlackElo "2583"]
[PlyCount "65"]
[EventDate "2003.07.14"]
[EventType "swiss"]
[EventRounds "11"]
[EventCountry "DEN"]
[SourceDate "2004.01.01"]

1. d4 Nf6 2. c4 e6 3. g3 Bb4+ 4. Bd2 Be7 5. Bg2 d5 6. Nf3 O-O 7. O-O c6 8. Qb3
Nbd7 9. Bf4 Nh5 10. Be3 f5 11. Nc3 Kh8 12. Rad1 Bd6 13. Bg5 Qe8 14. e3 h6 15.
Bf4 Be7 16. Bc7 Nhf6 17. Ne5 Nxe5 18. Bxe5 Ng4 19. Bc7 b6 20. h3 Nf6 21. Rfe1
Ba6 22. cxd5 cxd5 23. Bf1 Bxf1 24. Rxf1 Ne4 25. Ne2 Rc8 26. Be5 Bf6 27. Bxf6
Rxf6 28. f3 Nd6 29. Rc1 Rf7 30. Rxc8 Qxc8 31. Rc1 Rc7 32. Rxc7 Qxc7 33. Kf2
1/2-1/2

[Event "25. Copenhagen Open  (Politiken Cup)"]
[Site "Copenhagen"]
[Date "2003.07.22"]
[Round "8"]
[White "Johansen, Anders Sten"]
[Black "Nielsen, Michael B"]
[Result "1/2-1/2"]
[WhiteElo "1590"]
[BlackElo "1327"]
[PlyCount "36"]
[EventDate "2003.07.14"]
[EventType "swiss"]
[EventRounds "11"]
[EventCountry "DEN"]
[SourceDate "2004.01.01"]

1. e4 c6 2. d4 d5 3. e5 Na6 4. f4 Bf5 5. Nf3 e6 6. Bd3 Bxd3 7. Qxd3 Ne7 8. O-O
Nf5 9. c3 h5 10. Nbd2 Qb6 11. b4 Nc7 12. Nb3 Qa6 13. Qxa6 Nxa6 14. a4 b6 15.
Ba3 Ne3 16. Rf2 Nc4 17. Bc1 c5 18. b5 Nc7 1/2-1/2

[Event "25. Copenhagen Open  (Politiken Cup)"]
[Site "Copenhagen"]
[Date "2003.07.22"]
[Round "8"]
[White "Klitgaard, Thomas"]
[Black "Brondum, Eric"]
[Result "0-1"]
[WhiteElo "2098"]
[BlackElo "2198"]
[PlyCount "64"]
[EventDate "2003.07.14"]
[EventType "swiss"]
[EventRounds "11"]
[EventCountry "DEN"]
[SourceDate "2004.01.01"]

1. Nf3 Nf6 2. c4 c6 3. Nc3 d5 4. d4 e6 5. Bg5 dxc4 6. e4 b5 7. e5 h6 8. Bh4 g5
9. Nxg5 hxg5 10. Bxg5 Nbd7 11. g3 Bb7 12. Bg2 Qb6 13. exf6 c5 14. d5 b4 15. O-O
O-O-O 16. Rb1 Qa6 17. b3 bxc3 18. bxc4 Nb6 19. Qg4 Bd6 20. dxe6 Kb8 21. e7 Rdg8
22. Bxb7 Qxb7 23. Rfe1 Qc6 24. h4 Kc7 25. Rbd1 Kb7 26. Rd3 Na4 27. Rb1+ Ka6 28.
Qe2 Rxg5 29. Rxd6 Qxd6 30. e8=Q Rxg3+ 31. Kf1 Rxe8 32. Qxe8 Qd3+ 0-1

[Event "25. Copenhagen Open  (Politiken Cup)"]
[Site "Copenhagen"]
[Date "2003.07.22"]
[Round "8"]
[White "Knudsen, Erik"]
[Black "Larsson, Nicolai"]
[Result "0-1"]
[WhiteElo "1105"]
[BlackElo "1238"]
[PlyCount "58"]
[EventDate "2003.07.14"]
[EventType "swiss"]
[EventRounds "11"]
[EventCountry "DEN"]
[SourceDate "2004.01.01"]

1. d4 d5 2. Nf3 Nf6 3. Bf4 c5 4. c3 Nc6 5. Nbd2 Bf5 6. e3 e6 7. h3 Qb6 8. Qb3
Qxb3 9. Nxb3 c4 10. Nc1 Be7 11. b3 cxb3 12. Nxb3 Ne4 13. Nbd2 Nxc3 14. g4 Bg6
15. h4 h6 16. Ne5 O-O 17. Nxg6 fxg6 18. Bg3 Bb4 19. f3 Rae8 20. Bd3 Na4 21. f4
Ne7 22. O-O-O Rc8+ 23. Bc2 Ba3+ 24. Kb1 Nc3+ 25. Ka1 Nxd1 26. Bxd1 Rc1+ 27. Nb1
Rfc8 28. Bf3 R8c2 29. Rxc1 Bb2# 0-1

[Event "25. Copenhagen Open  (Politiken Cup)"]
[Site "Copenhagen"]
[Date "2003.07.22"]
[Round "8"]
[White "Knudsen, Jes West"]
[Black "Pettersson, Daniel"]
[Result "0-1"]
[WhiteElo "2015"]
[BlackElo "1850"]
[PlyCount "98"]
[EventDate "2003.07.14"]
[EventType "swiss"]
[EventRounds "11"]
[EventCountry "DEN"]
[SourceDate "2004.01.01"]

1. e4 e6 2. d3 d5 3. Nd2 c5 4. g3 Nc6 5. Bg2 Nf6 6. Ngf3 Be7 7. O-O O-O 8. e5
Nd7 9. Re1 b5 10. h4 a5 11. Nf1 Ba6 12. g4 Qc7 13. Bf4 b4 14. Bg3 Nd4 15. g5 a4
16. Nxd4 cxd4 17. Bxd5 Rac8 18. Qg4 Nb6 19. Be4 Qxc2 20. Re2 Qc7 21. Nh2 Bb7
22. Bxb7 Qxb7 23. Qxd4 Rfd8 24. Qe4 Rd5 25. Ng4 Qd7 26. Rd1 Rd4 27. Qf3 Rd8 28.
Red2 b3 29. axb3 axb3 30. Bf4 Qa4 31. Nf6+ gxf6 32. gxf6 Rxf4 33. Qb7 Bc5 34.
Qc7 Rc8 35. Qb7 Qc6 36. Qxc6 Rxc6 37. d4 Bb4 38. Rd3 Rg4+ 39. Kf1 Rxh4 40. Ke2
Nd5 41. Rg1+ Kf8 42. Rxb3 Rc2+ 43. Kd3 Rd2+ 44. Kc4 Rdxd4+ 45. Kb5 Rc4 46. Rbg3
Ke8 47. Rg8+ Bf8 48. b3 Rc5+ 49. Ka6 Rb4 0-1

[Event "25. Copenhagen Open  (Politiken Cup)"]
[Site "Copenhagen"]
[Date "2003.07.22"]
[Round "8"]
[White "Kokholm, Daniel"]
[Black "Larsen, Ulrik"]
[Result "0-1"]
[WhiteElo "2115"]
[BlackElo "1951"]
[PlyCount "56"]
[EventDate "2003.07.14"]
[EventType "swiss"]
[EventRounds "11"]
[EventCountry "DEN"]
[SourceDate "2004.01.01"]

1. d4 Nf6 2. Nc3 d5 3. e4 dxe4 4. f3 e3 5. Bxe3 e6 6. Bd3 Bb4 7. Qe2 Nd5 8. Bd2
O-O 9. O-O-O Nc6 10. Qf2 Nxc3 11. Bxc3 Qd5 12. Kb1 Bxc3 13. bxc3 e5 14. Nh3 h6
15. Rhe1 exd4 16. cxd4 Nb4 17. c4 Qa5 18. g4 b5 19. Be4 c6 20. Bd3 Nxd3 21.
Rxd3 bxc4 22. Rde3 c3 23. Ka1 Rb8 24. Rb1 Be6 25. Qc2 Qd5 26. Rd3 Qc4 27. Nf2
Rxb1+ 28. Qxb1 c2 0-1

[Event "25. Copenhagen Open  (Politiken Cup)"]
[Site "Copenhagen"]
[Date "2003.07.22"]
[Round "8"]
[White "Koneru, Humpy"]
[Black "Krasenkow, Michal"]
[Result "0-1"]
[WhiteElo "2468"]
[BlackElo "2585"]
[PlyCount "138"]
[EventDate "2003.07.14"]
[EventType "swiss"]
[EventRounds "11"]
[EventCountry "DEN"]
[SourceDate "2004.01.01"]

1. d4 Nf6 2. c4 g6 3. Nf3 Bg7 4. g3 d6 5. Bg2 c6 6. O-O O-O 7. h3 Be6 8. b3 Qc8
9. Kh2 b5 10. Nbd2 bxc4 11. Nxc4 Qa6 12. Nfd2 Nbd7 13. Bb2 Rac8 14. e4 d5 15.
exd5 cxd5 16. Ne3 Rc7 17. a4 Qb6 18. Rc1 Rfc8 19. Rxc7 Rxc7 20. Qe2 Nb8 21. Qb5
Qxb5 22. axb5 Bd7 23. Nxd5 Nxd5 24. Bxd5 Rc2 25. Nc4 Bxb5 26. Ba1 Ra2 27. Kg1
Nc6 28. Rd1 Nb4 29. Be4 e6 30. Bc3 Nd5 31. Be1 h5 32. h4 Bh6 33. Bb1 Ra6 34.
Bd3 Ra2 35. Bb1 Ra6 36. Bd3 Kf8 37. f4 Bg7 38. Bf2 Nf6 39. Ne5 Bxd3 40. Nxd3
Ra2 41. Ne5 Nd5 42. Rc1 Bf6 43. Rc8+ Kg7 44. Rb8 Be7 45. Rb7 Kf6 46. Nc6 a6 47.
Ra7 Bd6 48. Rd7 Bc7 49. Kg2 Rb2 50. b4 Rc2 51. Ne5 Bxe5 52. fxe5+ Kf5 53. Kf3
Rc3+ 54. Ke2 Ke4 55. Rxf7 Rc2+ 56. Kd1 Ra2 57. Kc1 Kd3 58. Rf3+ Ke2 59. Rf8 Kd3
60. Rf3+ Ke4 61. Rf8 Nxb4 62. d5 Nxd5 63. Bc5 Kxe5 64. Rg8 Kf5 65. Rf8+ Ke4 66.
Re8 Kd3 67. Ba7 Rc2+ 68. Kd1 Re2 69. Rd8 a5 0-1

[Event "25. Copenhagen Open  (Politiken Cup)"]
[Site "Copenhagen"]
[Date "2003.07.22"]
[Round "8"]
[White "Kongsted, Halfdan Christian"]
[Black "Unmack, Christian"]
[Result "1-0"]
[WhiteElo "2246"]
[BlackElo "2085"]
[PlyCount "91"]
[EventDate "2003.07.14"]
[EventType "swiss"]
[EventRounds "11"]
[EventCountry "DEN"]
[SourceDate "2004.01.01"]

1. d4 d5 2. c4 e6 3. Nc3 Nf6 4. Nf3 Nbd7 5. Bf4 Bb4 6. Qb3 c5 7. e3 Qe7 8. Be2
O-O 9. O-O Nb6 10. Ne5 Bxc3 11. bxc3 Ne4 12. Qc2 f6 13. Nf3 Bd7 14. Bd3 Be8 15.
Bxe4 dxe4 16. Nd2 Bg6 17. Qb3 Rfd8 18. Bg3 e5 19. d5 Nc8 20. a4 a5 21. Nb1 f5
22. Na3 Bh5 23. Rae1 Ra6 24. Kh1 g5 25. f4 exf3 26. gxf3 Rg6 27. f4 e4 28. Qc2
Bf3+ 29. Kg1 gxf4 30. exf4 Qh4 31. Kf2 Qh3 32. Ke3 Bg2 33. Rg1 Bf3 34. Qf2 Nd6
35. Kd2 Qh6 36. Kc2 Rg4 37. Qxc5 Rc8 38. Qd4 b6 39. Qxb6 Qg6 40. c5 Ne8 41.
Qxg6+ Rxg6 42. d6 Nf6 43. Nc4 Rxc5 44. Ne5 Rg7 45. Bh4 Ng4 46. d7 1-0

[Event "25. Copenhagen Open  (Politiken Cup)"]
[Site "Copenhagen"]
[Date "2003.07.22"]
[Round "8"]
[White "Korolev, Nikolaj"]
[Black "Royset, Paal"]
[Result "0-1"]
[WhiteElo "2117"]
[BlackElo "2252"]
[PlyCount "128"]
[EventDate "2003.07.14"]
[EventType "swiss"]
[EventRounds "11"]
[EventCountry "DEN"]
[SourceDate "2004.01.01"]

1. e4 e5 2. Nf3 Nc6 3. Bb5 Nge7 4. O-O d6 5. c3 Bg4 6. d4 a6 7. Ba4 b5 8. Bb3
Ng6 9. Bd5 Qd7 10. a4 Rb8 11. axb5 axb5 12. Ra6 Nd8 13. Nbd2 Be7 14. h3 Be6 15.
Re1 O-O 16. Nf1 Qc8 17. Ra7 c6 18. Bxe6 fxe6 19. dxe5 dxe5 20. Qd7 Nf7 21. Rd1
Rd8 22. Qxc8 Rbxc8 23. Rxd8+ Bxd8 24. Be3 Nd6 25. N1d2 Rc7 26. Ra8 Rc8 27. Ra7
Rc7 28. Ra8 Rc8 29. Ra7 Rc7 30. Ra6 Bf6 31. Kf1 Nf8 32. Ne1 Nd7 33. Nd3 Kf7 34.
Ke2 Ke7 35. b4 Kd8 36. f3 Ke7 37. g4 Ke8 38. Bg1 Bg5 39. Bh2 Bxd2 40. Kxd2 Ke7
41. Ke2 Nc4 42. h4 Kf7 43. Bg1 Ke7 44. Kd1 Kd8 45. Kc2 Ke8 46. Nb2 Nxb2 47.
Kxb2 Nf8 48. h5 Nd7 49. Kb3 Kf7 50. Be3 Ke7 51. Ra8 Kf7 52. g5 h6 53. gxh6 gxh6
54. Rh8 Kg7 55. Rxh6 Nf8 56. Kc2 Rf7 57. Bc1 Rxf3 58. Bg5 Rg3 59. Bc1 Rg4 60.
Kd3 Rg1 61. Be3 Rg3 62. Kd2 Rxe3 63. Rxe6 Nxe6 64. Kxe3 Kh6 0-1